Quizzes
Events
Quiz Creation
Community
Videos
Private Events
Remove Ads
Sign In
Join for FREE
Feedback
Dark Mode
Quiz Categories
Sports
Geography
Music
Movies
Television
Just For Fun
Miscellaneous
History
Literature
Language
Science
Gaming
Entertainment
Religion
Holiday
For Kids
Quiz Lab
Recent
Popular Today
Quiz Kudos Today
Editor Picks
Curator Picks
Quizzes by...
Day
Popularity
Type
Ratings
Length
Year
Community
Subscriptions
Recent Discussions
Orange Saloon
Badges
Playlists
Quests
Create
Leaderboards
Showdown
Live 5
Trivia Bingo
Activity
Puzzle Library
Sporcle Events
Private Events
Virtual Trivia
Globe League
Become a Host
Pub Owners
SporcleCon
Opinionation
Our Games
Videos
Blog
Mobile Apps
Partnerships
Remove Ads and Go Orange
Feedback
Entertainment
Celebrity
Famous
Musical
Broadway
Show
Quote
Comic Books
Anime
Superhero
DC Comics
Marvel
Cartoons
Animation
Entertainment
Celebrity
Famous
Musical
Broadway
Show
Quote
Comic Books
Anime
Superhero
DC Comics
Marvel
Cartoons
Animation
Random Quiz
Search Sporcle
×
Editor Pick
Editor Pick
Entertainment
Show
Click on regions of an image
Click on regions of an image
Picture Click
Best Score? Go Orange.
Click the 'D' Cartoon Characters Stats
Can you click each cartoon character whose name begins with D?
By
ddd62291
5m
43 Questions
7,749 Plays
7,749 Plays
7,749 Plays
Comments
Comments
Give Quiz Kudos
Give Quiz Kudos
-
- Ratings
hide this ad
Forced Order
Answers have to be entered in order
Answers have to be entered in order
Replay
Link that replays current quiz
Next Quiz
Link to next quiz in quiz playlist
You Got
0%
They Got
Avg Score
68%
Avg Friend Score
Upgrade to see
Score Distribution
Jump to the score distribution portion of the page
Score
0/43
Timer
05:00
1
Play Today
% Correct
Dory
84.4%
Dumbo
83.5%
Donald
83.2%
Donkey
82.2%
Dora
81.5%
DK
80.4%
Donatello
80.1%
Daffy
79.7%
Danger
77.7%
Death
77.5%
Darkwing Duck
77.2%
Daphne
77%
Dale
75.2%
Dexter
74.8%
Dino
74.6%
Dirty Bubble
73.6%
Disco Stu
72.5%
Dopey
72.3%
Dash
71.6%
Droopy
71.3%
Daria
71.3%
Danny
69.8%
% Correct
Doc
69.6%
Disgust
67.2%
Daggett
66.1%
Dizzy
65.6%
Dick
65.5%
Dragonite
65.3%
Doug
65.1%
Dilbert
64.1%
Dug
62.8%
Dot
62.7%
Dee-Dee
62.5%
Diego
61.4%
Dipper
60.6%
D.W.
60.3%
Dodger
56.4%
Darwin
52.2%
Ducky
51.3%
Dudley
50.1%
Duke
48.5%
Dib
45.4%
Drix
41.2%
Quiz Playlist
Details
Report
Send in Message
Add To Playlist
Picture Click:
Click on regions of an image
Forced Order:
Answers have to be entered in order
Last Updated: Aug 12, 2019
Editor Pick in
Entertainment
Curator Pick in
Alphabet
Quiz Scoreboard
CHALLENGE
Sign Up to Join the Scoreboard
Show All
Scores
Hide
Comments
May contain spoilers
Recently Published
Presidents Visiting Landmarks
by Hejman
History
7m
An Introduction to Baseball
by treessimontrees
Sports
5m
Movies - When Are They Set?
by FPL_Elf
Movies
5m
More to Explore
Quiz From the Vault
Featured Blog Post
Where Did the Easter Bunny Come From?
hide this ad
You Might Also Like...
Tags
Alphabet Quiz
Animation Quiz
Cartoons Quiz
Letter Quiz
Movie Characters Quiz
Show Quiz
TV Characters Quiz
Cartoon Characters
Fictional Characters
Letter D
Picture Click
Video Game Characters
Today's Top Quizzes in Entertainment
Browse Entertainment
hide this ad
Today's Top Quizzes in Show
Browse Show
Top Contributed Quizzes in Entertainment
1
7-to-1: DC Comics Villains
2
Marvel Characters Bunker
3
Eurovision 2023 Logic Puzzle
4
Kamen Rider Motifs
5
Dragon Ball Z: Goku's Fights in Order
6
Criteria Quickie: Cartoon Taxonomy II
7
Fictional Villains Letter U Blitz
8
Dragon Ball Z: Mega Character Search
9
Sorting Pictures: Villains
10
Mini Trivia Sudoku: Musicals
Explore More
Trending Topics
Marvel
Disney
Kpop
NBA
Anime
Crossword
Harry Potter
NFL
Puzzle
Pokémon
The Office
Country
Song
WWE
Soccer
hide this ad
More By:
ddd62291
Quiz
Plays
Rating
Category
Featured
Created
5-Star Movie Villains
259,509
4.65
Movies
Apr 9, 2014
Movie Titles Said in Movie
216,455
4.67
Movies
Sep 23, 2012
Click the 'C' Movie Title Character
176,979
4.59
Movies
Feb 5, 2020
Click the 'F' Movie Title Character
155,385
4.66
Movies
Feb 9, 2020
Movie Titles Said in Movie II
150,706
4.46
Movies
Oct 24, 2012
Go to Creator's Profile
Score Distribution
Quiz Creator Spotlight
ddd62291
Follow
Send a Message
Quizzes Created
-
Created Quiz Play Count
-
More By This Creator
Popular Quizzes Today
1
Find the US States - No Outlines Minefield
2
Find the Countries of Europe - No Outlines Minefield
3
The Countries of the World
4
Find the US States
5
Popular People in 1961
6
US States
7
Risky Map Clicking: Biggest States A-Z
8
1-10 Letter E Words III
More Entertainment Quizzes
Wonder Woman Character Blitz
Published
Trending Quizzes
Risky Map Clicking: Least Populous States A-Z
1-10 Letter G Words
1-10 Letter F Words
Risky Map Clicking: Next State Alphabetically
Risky Map Clicking: Biggest States A-Z
Recently Updated
Leaping Animals
pecheneg
Reality TV Shows (A-Z)
bhenderson79
Rickey Henderson's Hall of Fame Teammates
pecheneg
Champions League XIs: Arsenal
pecheneg
Quick Pick: Celebrities in WWE's Hall of Fame
aduchscher
A-Z Keypad Blitz II
pecheneg
Multiple Oscar Actors
pecheneg
Mystery Phrase Blitz: Oscar 'Best Actors'
pecheneg
F. Scott Fitzgerald Novels
LTH
Pick 3 Villains
ddd62291
Trending Topics
Harry Potter
Crossword
Kpop
Marvel
NBA
Anime
Disney
The Office
Pokémon
Song
NFL
WWE
Country
Soccer
Puzzle
Your Account Isn't Verified!
In order to create a playlist on Sporcle, you need to verify the email address you used during registration. Go to your
Sporcle Settings
to finish the process.
Report this User
Report this user for behavior that violates our
Community Guidelines
.
Details:
Send Report
Go to the Sporcle.com Mobile Site →
Comments